Statistiques concernant Équipe d'Angleterre de Football - Tous les joueurs (2000-..)

Cliquez ici pour prendre le quiz!

Statistiques générales

  • Ce quiz a été pris 78 fois
  • Le résultat moyen est 46 sur 171

Statistiques - réponses

Première sélection Dernière sélection Joueur Nb de sélections % Correct
20032016Wayne Rooney119
96%
19992014Frank Lampard106
94%
19962009David Beckham115
93%
20002014Steven Gerrard114
93%
2015Harry Kane32
91%
20032012John Terry78
87%
20012014Ashley Cole107
85%
19952001Andy Cole15
85%
20012010Joe Cole56
85%
20092010Carlton Cole7
85%
19982008Michael Owen89
83%
2008Joe Hart75
81%
19972011Rio Ferdinand81
80%
2015Dele Alli31
74%
19972004Paul Scholes66
72%
2017Jordan Pickford11
69%
19882002David Seaman75
67%
2012Raheem Sterling44
67%
2016Marcus Rashford27
65%
19972010David James53
63%
19962007Phil Neville59
61%
19952007Gary Neville85
61%
2011Phil Jones27
59%
2010Gary Cahill61
57%
2015Jamie Vardy26
57%
2010Jordan Henderson46
56%
2016Danny Rose25
52%
2011Daniel Sturridge26
52%
20092016James Milner61
48%
20052010Peter Crouch42
48%
2014John Stones35
48%
19962004Ian Walker4
48%
2011Kyle Walker41
48%
2006Theo Walcott47
46%
2016Jesse Lingard20
46%
2011Danny Welbeck42
46%
2017Kieran Trippier15
44%
20052005Luke Young7
44%
2007Ashley Young39
44%
2017Harry Maguire14
44%
2011Chris Smalling31
44%
2004Jermain Defoe57
43%
19962007Sol Campbell73
43%
2012Fraizer Campbell1
43%
2014Luke Shaw8
43%
2015Eric Dier34
41%
2012Alex Oxlade-Chamberlain32
41%
19922000Alan Shearer63
41%
2005Robert Green12
41%
20012015Michael Carrick34
41%
20102012Adam Johnson12
39%
20052007Andrew Johnson8
39%
20032014Glen Johnson54
39%
20002000Seth Johnson1
39%
20012007Alan Smith19
39%
19942001Steve McManaman37
39%
2017Michael Keane4
35%
2018Trent Alexander-Arnold3
35%
19932002Teddy Sheringham51
33%
2010Jack Wilshere34
33%
2016Danny Drinkwater3
33%
19992010Jamie Carragher38
33%
20002001Richard Wright2
30%
2013Ross Barkley22
30%
20032007Paul Robinson41
30%
2006Aaron Lennon21
28%
20102012Andy Carroll9
28%
2014Fabian Delph16
28%
2010Leighton Baines30
28%
2013Adam Lallana34
28%
19992010Emile Heskey62
26%
19872000Tony Adams66
26%
2012Jack Butland9
26%
20042010Shaun Wright-Phillips36
24%
2017Ruben Loftus-Cheek9
24%
19992010Wes Brown23
24%
2014Nathaniel Clyne14
22%
20002012Gareth Barry53
22%
20022010Ledley King21
22%
19962002Robbie Fowler26
22%
2014Calum Chambers3
20%
2008Phil Jagielka40
20%
19952004Gareth Southgate57
19%
2017Joe Gomez4
19%
19922002Martin Keown43
19%
2007Ben Foster8
17%
20072007Joey Barton1
17%
20012008Owen Hargreaves42
17%
20022009Wayne Bridge36
17%
20072013Joleon Lescott26
17%
20062011Darren Bent13
15%
2013Fraser Forster6
15%
2017Harry Winks1
15%
20032013Scott Parker18
15%
20102010Kevin Davies1
13%
20152015Ryan Mason1
13%
19992000Ray Parlour10
13%
20012003Trevor Sinclair12
13%
19992007Kieron Dyer33
13%
19972004Nicky Butt39
13%
2018Nick Pope1
13%
20132014Rickie Lambert11
13%
2012Carl Jenkinson1
11%
19922000Paul Ince53
11%
2010Kieran Gibbs10
11%
20052014Stewart Downing35
9%
2016Tom Heaton3
9%
19952001Nick Barmby23
9%
20092012Tom Huddlestone4
9%
19942000Graeme Le Saux36
9%
2015Danny Ings1
9%
19992002Kevin Phillips8
9%
2012Jonjo Shelvey6
9%
2013Andros Townsend13
9%
20082009Gabriel Agbonlahor3
9%
2018James Tarkowski2
7%
2012John Ruddy1
7%
2017James Ward-Prowse1
7%
19942001Darren Anderton30
7%
20102011Michael Dawson4
7%
2012Ryan Bertrand19
7%
2007Scott Carson4
7%
20012001Michael Ball1
6%
2018Lewis Cook1
6%
20062012Micah Richards13
6%
20032009Jermaine Jenas21
6%
2017Tammy Abraham2
6%
20012003Danny Murphy9
6%
2017Jack Cork1
6%
20072008David Bentley7
6%
2012Jake Livermore7
6%
2014Jon Flanagan1
4%
20022002David Dunn1
4%
20122012Ryan Shawcross1
4%
2013Jay Rodriguez1
4%
2012Tom Cleverley13
4%
20012004Danny Mills19
4%
20122013Wilfried Zaha2
4%
19992008Jonathan Woodgate8
4%
20032003James Beattie5
4%
20032010Matthew Upson21
4%
20052005Zat Knight2
4%
20122013Leon Osman2
4%
19922002Nigel Martyn23
4%
2012Martin Kelly1
2%
2016Aaron Cresswell3
2%
20032005Paul Konchesky2
2%
2017Nathan Redmond1
2%
20022004Darius Vassell22
2%
2018Ben Chilwell1
2%
2017Dominic Solanke1
2%
20052006Kieran Richardson8
2%
20012002Chris Powell5
2%
20122012Steven Caulker1
2%
20042004Anthony Gardner1
2%
20032003Francis Jeffers1
2%
20082010Stephen Warnock2
2%
20042004Alan Thompson1
2%
20062006Chris Kirkland1
2%
20102010Jay Bothroad1
0%
20022002Michael Ricketts1
0%
20022002Lee Bowyer1
0%
20012001Gavin McCann1
0%
20102011Bobby Zamora2
0%
20112013Jack Rodwell3
0%
20082008Dean Ashton1
0%
20072007David Nugent1
0%
20072007Nicky Shorey2
0%
20112011Matt Jarvis1
0%
19962000Jason Wilcox3
0%
19962002Ugo Ehiogu4
0%

Distribution des résultats

Percentile by Number Answered

% des personnes avec chaque résultat

Votre développement - résultats

Vous n’avez pas pris ce quiz